000
00282nam a22001217a 4500
008
181030b xxu||||| |||| 00| 0 eng d
041
_a
eng
080
_2
5 ED
_a
316
100
_a
35
101
_a
SHK
245
_a
Case WORK A Psychosocial Therapy
_c
Woods.M.E
942
_2
udc
_c
BK
999
_c
51162
_d
51162